Provinces of the West Indies Federation on a Map - Statistics

General Stats
  • This quiz has been taken 95 times
  • The average score is 11 of 12
Answers on the Map
Answers color-coded by a green-red scale on the quiz's map according to % correct below.
 
Answer Stats
Flag
Province
% Correct
Trinidad and Tobago
100%
Jamaica
99%
Barbados
96%
Grenada
96%
Antigua
93%
Saint Lucia
93%
Saint Vincent and the Grenadines
93%
Dominica
90%
Cayman Islands
76%
Saint Christopher-Nevis-Anguilla
76%
Turks and Caicos Islands
75%
Montserrat
69%
No matching quizzes found
Score Distribution
Percent of People with Each Score
Percentile by Number Answered
Your Score History
You have not taken this quiz